| 000 | 00871nam a2200193 i 4500 | ||
|---|---|---|---|
| 001 | 187911 | ||
| 003 | ES-MaACL | ||
| 005 | 20250907063137.0 | ||
| 008 | 180323s1926 sp |||| | spa d | ||
| 100 | 1 |
_aGarcía Villada, Zacarías, _d1879-1936 _955406 |
|
| 245 | 1 | 3 |
_aLa vida de los escritorios españoles medievales / _cpor Zacarías García Villada, S.I. |
| 260 |
_aMadrid : _b[s.n.], _c1926 ( _fBlass tipogragía) |
||
| 300 |
_a20 p., [10] h. de lám. ; _c23 cm. |
||
| 490 | 1 |
_aConferencias dadas en el Centro de intercambio intelectual germano-español ; _v5 |
|
| 650 | 4 |
_aScriptoria- _zEspaña- _vHistoria. _9164434 |
|
| 830 | 0 | 0 |
_aConferencias dadas en el Centro de Intercambio Intelectual Germano-Español _v5 _9192904 |
| 852 |
_aES-MaACL _jC-8111(4) _z.- Donat. del Centro de Intercambio Intelectual Germano-Español (Madrid) |
||
| 999 |
_c187911 _d187911 |
||